00545nam a22001697a 450000500170000001000130001702000150003003500110004503700130005608200110006910000270008024500830010724600560019026000400024627000670028630000220035320200827123535.0 aUR-10835 c595.00 a- aU-9390 bDBAD/PUB a840.54 aعبد اللہ ملا aا علا م تا ر يخ الا د ب ا لعر بی cعبد اللہ ملا bA" lam Tareekh al Adabi (Urdu)aby Abdullah Molla  aN.Delhi bKhama Publishersc2019 ء a22-D,Nivedita Enclave,A-6 Paschim ViharbN.Delhie110063k-l- a397ص c22 Cm(Hb)